Learning Resource and Development

Entrepreneur's guide : (Record no. 31769)

MARC details
000 -LEADER
fixed length control field 04293nam a2200265 i 4500
003 - CONTROL NUMBER IDENTIFIER
control field CSPC
005 - DATE AND TIME OF LATEST TRANSACTION
control field 20260213154811.0
008 - FIXED-LENGTH DATA ELEMENTS--GENERAL INFORMATION
fixed length control field 260212s2021 nyua b 001 0 eng d
020 ## - INTERNATIONAL STANDARD BOOK NUMBER
International Standard Book Number 9781984646521
040 ## - CATALOGING SOURCE
Original cataloging agency CSPC
Language of cataloging eng
Transcribing agency CSPC
Description conventions rda
082 04 - DEWEY DECIMAL CLASSIFICATION NUMBER
Classification number 639.3
Item number En86
245 00 - TITLE STATEMENT
Title Entrepreneur's guide :
Remainder of title fish farming.
264 #1 - PRODUCTION, PUBLICATION, DISTRIBUTION, MANUFACTURE, AND COPYRIGHT NOTICE
Place of production, publication, distribution, manufacture New York :
Name of producer, publisher, distributor, manufacturer 3G E-Learning,
Date of production, publication, distribution, manufacture, or copyright notice 2021.
300 ## - PHYSICAL DESCRIPTION
Extent 316 pages :
Other physical details illustrations ;
Dimensions 26 cm.
336 ## - CONTENT TYPE
Source rdacontent
Content type term text
337 ## - MEDIA TYPE
Source rdamedia
Media type term unmediated
338 ## - CARRIER TYPE
Source rdacarrier
Carrier type term volume
504 ## - BIBLIOGRAPHY, ETC. NOTE
Bibliography, etc. note Includes bibliographical references and index.
505 0# - FORMATTED CONTENTS NOTE
Formatted contents note The many faces of aquaculture: an introduction to fish farming -- How to start fish farming -- Specific types of fish farms -- Pond management: how to prepare and manage pond for fish farming -- Fish feeds and feeding -- Fish health management -- Sustainable fish farming -- Precision fish farming: a new framework to improve aquaculture -- How to start a shrimp farming business -- How to start a small scale ornamental fish farming business -- Polyculture: meaning, objectives, methods and drawbacks -- Marketing options for small aquaculture producers -- Top countries for aquaculture production.
520 ## - SUMMARY, ETC.
Summary, etc. "Fish are a very high source of proteins and have great nutritional value. Sustainable fish farming is key to reducing global hunger and poverty. Today, fish provides more than one billion poor people with most of their daily animal protein. Fish production was initially dependent on fish capturing. However, most of the captured fish were used for industrial purposes and were hardly consumed by man. Therefore, an alternative method to increase fish production was devised that includes farming and husbandry of economically important aquatic organisms. Fish provides nutrients and micronutrients that are essential to cognitive and physical development, especially in children, and are an important part of a healthy diet. As an affordable animal source of protein in some of the poorest countries, fish is the primary source of nutrition, creating growing demand for this staple. However, fish supplies are failing to meet demand and there are major shortages in some critically poor countries where they are needed most.<br/>Globally, more than 250 million people depend directly on fisheries and aquaculture for their livelihoods and millions are employed in fisheries and aquaculture value chains in roles such as processing or marketing. The very poor often rely on fishing as a primary source of income. These small-scale fishers are particularly vulnerable as fish stocks diminish. Increased productivity from sustainable fisheries and aquaculture can be a driver for rural development by mitigating risks to livelihoods and contributing to income generation and employment.<br/>Entrepreneur's Guide of Fish Farming focuses on raising fish commercially in tanks or enclosures such as fish ponds, usually for food. It will update readers on today's fish facts and technical information, including market trends and general expectations to succeed in fish farming. Topics covered in this guide include: shellfish aquaculture, genetics of fish, politics of the ocean, fish processing, aquaculture systems engineering. It explores on fish farming, fish processing, value addition and marketing. By studying aquaculture and fisheries, future professionals use theories and concepts, develop knowledge of animal breeding, processing and evaluation of their productions. Students will understand and adapt scientific knowledge in aquaculture and natural resource conservation, planning and development. An aquaculture specialist will keep up to date with innovations in the fisheries sector and may take up responsibilities such as protecting resources from overfishing, the dangers of industrial waste and pollution. This book will guide you along your journey to successfully rearing fish providing a practical and succinct overview-from existing methods and operations to recent trends and their impacts on aquaculture for the future"-- Back cover.
650 #4 - SUBJECT ADDED ENTRY--TOPICAL TERM
Topical term or geographic name entry element Fish culture.
710 1# - ADDED ENTRY--CORPORATE NAME
Corporate name or jurisdiction name as entry element 3G E-Learning.
942 ## - ADDED ENTRY ELEMENTS (KOHA)
Source of classification or shelving scheme Dewey Decimal Classification
Suppress in OPAC No
Koha item type Books
Classification part 639.3
Item part En86
Call number prefix CIR
Call number suffix 2021
Holdings
Withdrawn status Lost status Source of classification or shelving scheme Damaged status Not for loan Home library Current library Shelving location Date acquired Total Checkouts Full call number Barcode Date last seen Copy number Price effective from Koha item type
    Dewey Decimal Classification     Main Library Main Library Circulation Section 02/12/2026   CIR 639.3 En86 2021 031232 02/12/2026 1-1 02/12/2026 Books